000 00656 a2200181 4500
003 Nust
005 20170207153536.0
040 _cNust
082 _a005.1
100 _aMubarik, Muhammad Asim (MSCS-13)
245 _aGeocasting In Heterogeneous Wireless Mobile Ab- HOC Networks
_cMuhammad Asim Mubarik
260 _bMCS,NUST
_cMarch,2010
_aRawalpindi
300 _ax,69,p;
505 _aIntroduction (page-1) Literature review (page-8) Proposed solution geocast enhanced aodv-UU (page-21) Manets test bed design (page-34) Tests and results (page-47) Conclusion (page-55)
538 _aAlmirah No 69 Shelf No 4
650 _aPG Thesis
651 _aMSCS-13
942 _cTHS
999 _c188211
_d188211